000
00246nam a2200109Ia 4500
008
220204s9999 xx 000 0 und d
082
_a
82-3
_b
RIG
100
_a
Rigdon, Charles
245
0
_a
Diosa
260
_a
New York
_b
Pocket
_c
1978
942
_c
BK
999
_c
32134
_d
32134